000 00380 a2200133 4500
005 20250619072259.0
020 _a81-7224-280-8
082 _a005.133NAG
100 _aNagler. Eric
245 _aLearning C++,:A Hand on Approach
260 _aNew York,
_bJaico Publishing House,
_c1994.
300 _axix,658p.ill.;tables,picture
_bAppendix,Bibiography Index
_c24cm.
942 _2ddc
_cBKS
999 _c4355
_d4355